000 00212nam a22000857a 4500
008 160624b xxu||||| |||| 00| 0 eng d
100 _91054
_aSummers, E
245 _aNo Legacy for Lindsay
260 _aLON
_bBoon Ltd
_c1971
999 _c842
_d842